MDQL
is popping MORE tags! Check the
thread
!
Quizzes
Events
Quiz Creation
Community
Videos
Private Events
Remove Ads
Sign In
Join for FREE
Feedback
Dark Mode
Quiz Categories
Sports
Geography
Music
Movies
Television
Just For Fun
Miscellaneous
History
Literature
Language
Science
Gaming
Entertainment
Religion
Holiday
For Kids
Quiz Lab
Recent
Popular Today
Quiz Kudos Today
Editor Picks
Curator Picks
Quizzes by...
Day
Popularity
Type
Ratings
Length
Year
Community
Subscriptions
Recent Discussions
Orange Saloon
Badges
Playlists
Quests
Create
Leaderboards
Showdown
Live 5
Trivia Bingo
Activity
Puzzle Library
Sporcle Events
Private Events
Virtual Trivia
Globe League
Become a Host
Pub Owners
SporcleCon
Opinionation
Our Games
Videos
Blog
Mobile Apps
Partnerships
Remove Ads and Go Orange
Feedback
Music
Pop Music
The Beatles
Song
Album
Lyrics
Bands
Singers
Artist
Clip
Rock
Rap
Classical
Billboard
Country Music
Kpop
Taylor Swift
Music
Pop Music
The Beatles
Song
Album
Lyrics
Bands
Singers
Artist
Clip
Rock
Rap
Classical
Billboard
Country Music
Kpop
Taylor Swift
Random Quiz
Search Sporcle
×
Quiz Lab
Quiz Lab
Music
Bands
Type in answers that appear in a list
Type in answers that appear in a list
Classic
Best Score? Go Orange.
Song titles with Names in the Title Stats
Can you name the Names in Song Titles?
By
Dubmasterflash
12m
56 Questions
25 Plays
25 Plays
25 Plays
Comments
Comments
Give Quiz Kudos
Give Quiz Kudos
-
- Ratings
hide this ad
Replay
Link that replays current quiz
Next Quiz
Link to next quiz in quiz playlist
You Got
0%
They Got
Avg Score
42%
Avg Friend Score
Upgrade to see
Score Distribution
Jump to the score distribution portion of the page
Score
0/56
Timer
12:00
0
Plays Today
Song Name
Missing Name
% Correct
Elenor...
Rigby
92%
Help me...
Rhonda
84%
Hit the Road...
Jack
84%
Jumping...Flash
Jack
84%
Happy...
Jack
84%
...Ann
Barbara
80%
...Jones
Janie
80%
...Jean
Billie
80%
...May
Maggie
80%
...Got a Gun
Janie's
72%
Jonny B...
Goode
72%
Dirty...
Diana
72%
...Stardust
Ziggy
68%
Rox...
anne
68%
Buddy...
Holly
68%
Me and Mr...
Jones
64%
Maggie...
Mae
64%
Me and Mrs...
Jones
64%
The Real...
Slim Shady
64%
Hey...
Joe
60%
Ms...
Jackson
56%
Mr...Man
Tambourine
52%
Lay Down...
Sally
52%
Ride...Ride
Sally
52%
...Last Dance
Mary Jane's
48%
Whole Lotta...
Rosie
44%
...Silver Hammer
Maxwell's
44%
...Q
Susie
44%
Song Name
Missing Name
% Correct
Maria...
Maria
44%
Sir...
Duke
44%
Daisy...
Jane
40%
The Song that...Likes
Jane
40%
Me and...Down by the Schoolyard
Julio
40%
Sweet...
Melissa
28%
Mean Mr...
Mustard
28%
...Farm
Maggie's
24%
Sweet...Blue Eyes
Judy
24%
...Can't Fail
Rudie
20%
Why...
Georgia
20%
...,Kicked a Hole in the Sky
Johnny
16%
...Girl
Jessy's
16%
...Wilson Said
Jackie
16%
...Lonley Heart's Club Band
St. Pepper's
12%
Hello...!
Dolly
12%
Jimmy...
Jazz
12%
Miss...
Misery
12%
...Jones
Casey
12%
Dr...(Love is a Serious Business)
Feelgood
8%
Zac and...
Sara
8%
Little...
Jeannie
8%
...Piper
Peter
8%
Jimmy...
James
4%
...Day Parade
Macy's
4%
Saint...
Simon
4%
...Destroyed the Earth
Jerry Falwell
0%
Hey,...Park!
Jonny
0%
Quiz Playlist
Details
Report
Send in Message
Add To Playlist
Classic:
Type in answers that appear in a list
Last Updated: Feb 16, 2017
Quiz Scoreboard
CHALLENGE
Sign Up to Join the Scoreboard
Show All
Scores
Hide
Comments
May contain spoilers
Recently Published
Colored Red Africa Blitz
by spor1
Geography
30s
Find the 'City' Movie
by crazypaving
Movies
60s
5x2 Blitz: Bands
by SL_Kpop136
Music
30s
More to Explore
Quiz From the Vault
Featured Blog Post
14 Easter Pick-up Lines to Find Eggs With
hide this ad
You Might Also Like...
Tags
Bands Quiz
Song Quiz
Today's Top Quizzes in Music
Browse Music
hide this ad
Today's Top Quizzes in Bands
Browse Bands
Top Contributed Quizzes in Music
1
5X2 Blitz: Bands II
2
5X2 Blitz: The Beatles
3
Taylor Swift All Songs (2024)
4
5X2 Blitz: Billboard
5
5X2 Blitz: Billboard II
6
5X2 Blitz: Album
7
Taylor Swift Logic Puzzle II
8
5X2 Blitz: Singers
9
5X2 Blitz: Rock
10
5X2 Blitz: Lyrics
Explore More
Trending Topics
Marvel
Disney
Kpop
Anime
Harry Potter
NBA
Crossword
Country
NFL
WWE
Puzzle
The Office
Pokémon
Soccer
Song
hide this ad
More By:
Dubmasterflash
Quiz
Plays
Rating
Category
Featured
Created
Films Directed By Quentin Tarantino
341
1.10
Movies
Mar 15, 2011
Martin Scorsese's Films
97
1.00
Movies
Mar 15, 2011
Song titles with Names in the Title
25
1.00
Music
Mar 14, 2011
Go to Creator's Profile
Score Distribution
Quiz Creator Spotlight
Dubmasterflash
Follow
Send a Message
Quizzes Created
-
Created Quiz Play Count
-
More By This Creator
Popular Quizzes Today
1
Colored Red Africa Blitz
2
Find the US States - No Outlines Minefield
3
Find the 'City' Movie
4
5x2 Blitz: Bands
5
The Countries of the World
6
Find the US States
7
Find the Countries of Europe - No Outlines Minefield
8
US States
More Music Quizzes
Six-Letter Music A-Z
Published
Trending Quizzes
Colored Red Europe Blitz I
Colored Red Europe Blitz II
Colored Red Africa Blitz II
Colored Red Europe Blitz III
Colored Red Africa Blitz III
Recently Updated
How Do You Spell That?
pecheneg
Godzilla Movies
pecheneg
Grab Bag: 4-10 Letters
pecheneg
2024 March Madness Bracket
pecheneg
Famous TV Couples
Peacemaker
Champions League XIs: Real Madrid
pecheneg
Largest US Cities 1790-2010
pecheneg
Rides in Walt Disney World
pecheneg
Most Oscar Losses (Acting)
pecheneg
Beyoncé Albums
pecheneg
Trending Topics
NBA
Marvel
Anime
Crossword
Disney
Kpop
Harry Potter
The Office
Song
Country
NFL
Pokémon
WWE
Soccer
Puzzle
Your Account Isn't Verified!
In order to create a playlist on Sporcle, you need to verify the email address you used during registration. Go to your
Sporcle Settings
to finish the process.
Report this User
Report this user for behavior that violates our
Community Guidelines
.
Details:
Send Report
Go to the Sporcle.com Mobile Site →
Comments